00000000nam##2200000za#4500
0019.615882
003CaOODSP
00520211126112847
007ta
008150406|2001||||xxc|||||     f|0| 0 eng|d
020 |a0-662-31571-5
022 |a1192-5434
040 |aCaOODSP|beng
043 |an-cn---
0861 |aFB3-2/101-27E
1102 |aBank of Canada.
24514|aThe monetary transmission mechanism at the sectoral level / |cby Jean Farés and Gabriel Srour.
260 |aOttawa - Ontario : |bBank of Canada |c2001.
300 |av, 27p. : |bgraphs, references, tables ; |c28 cm.
4901 |aWorking paper|x1192-5434|v2001-27
500 |a"This paper relies on simple vector autoregressions to investigate the monetary transmission mechanism in broad sectors of the Canadian economy. Two types of disaggregation are considered: one at the level of final expenditures, and one at the level of production."--Abstract.
546 |aRésumés en français
563 |aSoftcover
590 |a02-02|b2002-01-11
69007|aModelling|2gcpds
69007|aMonetary policy|2gcpds
69007|aProduction|2gcpds
69007|aEconomic indicators|2gcpds
7201 |aSrour, Gabriel
7201 |aFarés, Jean
7760#|tThe monetary transmission mechanism at the sectoral level / |w(CaOODSP)9.571580
830#0|aWorking paper,|x1192-5434|v2001-27|w(CaOODSP)9.514622